00746cam a2200205 a 450000100100000000500170001000800410002704000300006808200200009810000460011824501130016426000590027730000210033649000150035750400550037265000360042765000270046365000330049083000170052300001302520200929163127.0930430s1989 cu 001 0 spa  aDO-SdBNPbspacDLCdBNPHU a342.7291bG216c1 aGarcía Hernández, Gilberto E.,d1926-10aConstitución deberes y derechos /cGilberto E. García Hernández; edición René Llinás Quintáns. aLa Habana, Cuba :bEditorial Ciencias Sociales,c1989. a188 p. ;c18 cm.1 aJurídica aIncluye referencias bibliográficas (p. 184-188). 4aReformas constitucionaleszCuba 4aDerechos civileszCuba 4aDerecho constitucionalzCuba 0aJurídica ;